Fiziko-chimiceskaja mechanika i liofil'nost' dispersnych sistem : (Rekord nr 22958)
| 000 -ETYKIETA REKORDU | |
|---|---|
| podpole kontrolne o stałej długości | 00581nam a2200145 i 4500 |
| 001 - NUMER KONTROLNY REKORDU | |
| pole kontrolne | bg |
| 040 ## - ŹRÓDŁO KATALOGOWANIA | |
| Instytucja, która utworzyła rekord | BPK |
| 041 ## - KOD JĘZYKA | |
| Kod języka tekstu | pol |
| 080 ## - UNIWERSALNA KLASYFIKACJA DZIESIĘTNA - UKD | |
| UKD | 541.18 |
| 008 - POLE O STAŁEJ DŁUGOŚCI - DANE KONTROLNE | |
| podpole kontrolne o stałej długości | s pl f |000 0 pol |
| 245 #0 - TYTUŁ/ODPOWIEDZIALNOŚĆ | |
| Tytuł | Fiziko-chimiceskaja mechanika i liofil'nost' dispersnych sistem : |
| Ciąg dalszy tytułu | respublikanskich meżvedomstvennyj sbornik naucnych trodov / |
| Pozostałe elementy strefy tytułu i oznaczenia odpowiedzialności | red. kol. F. D. Ovcarenko [i in.] ; Akademija Nauk Ukrainskoj SSR. Institut Kolloidnoj Chimii i Chimii Vody im. A. V. Dumanskogo. |
| 260 ## - STREFA ADRESU WYDAWNICZEGO | |
| Miejsce wydania | Kiev : |
| Nazwa wydawcy/dystrybutora | "Naukova Dumka", |
| Data publikacji, dystrybucji/powstania dokumentu | 1984. |
| 300 ## - STREFA OPISU FIZYCZNEGO | |
| Objętość | 103, [1] s. : |
| Inne cechy fizyczne | rys., wykr. ; |
| Rozmiary | 26 cm. |
| 942 ## - DODATKOWE ELEMENTY (KOHA) | |
| Typ dokumentu | Książka |
| Wycofany | Status egzemplarza | Uszkodzony | Dostępność | Lokalizacja stała | Lokalizacja bieżąca | Numer ubytku | Sygnatura | Kod kreskowy | Typ dokumentu | Miejsce przechowywania |
|---|---|---|---|---|---|---|---|---|---|---|
| Egz. niedostępny | Niedostępny | Biblioteka Politechniki Koszalińskiej | Biblioteka Politechniki Koszalińskiej | 12425 | 32382 | 01589467 | Książka | |||
| Dostępny | Biblioteka Politechniki Koszalińskiej | Biblioteka Politechniki Koszalińskiej | 32383 | 01589474 | Książka | Wypożyczalnia BG |
